Loading...
| History - European | 0 | 5 | 1 | 0 | 45 | 19 | 54.40 | 1 | 4 | 26.24 | 36.36 |
| History - Other | 0 | 5 | 1 | 0 | 45 | 57 | 81.00 | 0 | 5 | 15.74 | 32.95 |
| History - World | 0 | 4 | 0 | 0 | 40 | 37 | 70.75 | 2 | 3 | 16.44 | 30.68 |
| History - American | 0 | 4 | 1 | 1 | 35 | 19 | 58.75 | 1 | 3 | 19.22 | 27.27 |
| Science - Other | 0 | 2 | 0 | 0 | 20 | 49 | 73.50 | 0 | 2 | 5.86 | 12.50 |
| Literature - British | 0 | 2 | 0 | 0 | 20 | 58 | 75.50 | 1 | 1 | 8.40 | 14.77 |
| Religion | 0 | 3 | 2 | 1 | 20 | 85 | 108.00 | 1 | 2 | 3.61 | 18.18 |
| Geography | 0 | 2 | 0 | 0 | 20 | 54 | 58.00 | 1 | 2 | 36.05 | 62.50 |
| Science - Biology | 0 | 1 | 0 | 1 | 10 | 114 | 114.00 | 0 | 1 | 0.00 | 1.14 |
| Science - Chemistry | 0 | 0 | 1 | 0 | -5 | 0.00 | 0 | 0 | 0.00 | 0.00 |